| 000 | 01702cam a22003135a 4500 | ||
|---|---|---|---|
| 001 | 15957588 | ||
| 005 | 20160126142309.0 | ||
| 008 | 091023t2011 maua frbd 001 0 eng d | ||
| 020 | _a9780763779849 (pbk.) | ||
| 040 |
_aDLC _beng _cDLC _dYDX _dYDXCP _dBWX _dDLC _dEG-ScBUE _dEG-ScBUE |
||
| 043 | _an-us--- | ||
| 082 | 0 | 4 |
_a344.730465 _bSCH _222 |
| 100 | 1 |
_aSchneid, Thomas D. _939172 |
|
| 245 | 1 | 0 |
_aLegal liabilities in safety and loss prevention : _ba practical guide / _cThomas D. Schneid. |
| 250 | _a2nd ed. | ||
| 260 |
_aSudbury : _bJones and Bartlett Publishers, _cc.2011. |
||
| 300 |
_axiii, 465 p. : _bill. ; _c28 cm. |
||
| 500 | _aIncludes appendix. | ||
| 500 | _aIndex : p. 443-463. | ||
| 504 | _aIncludes bibliographical references. | ||
| 505 | 0 | _aOverview and history -- OSHA enforcement -- OSHA requirements -- Employer's rights -- Managing an effective safety and loss prevention program -- Criminal sanctions -- OSHA standards and requirements -- Proposed legislation and trends -- The safety and loss prevention professional and the Americans with Disabilities Act -- Legal liabilities under workers' compensation laws -- Protecting your organization or company -- Personal liability for safety and loss prevention professionals -- Other legal considerations -- Safety and labor -- Other laws impacting the safety function. | |
| 650 | 0 |
_aIndustrial safety _xLaw and legislation _zUnited States. _2BUEsh |
|
| 650 | 0 |
_aIndustrial hygiene _xLaw and legislation _zUnited States. _2BUEsh |
|
| 650 | 0 |
_aEmployers' liability _zUnited States. _2BUEsh |
|
| 650 | 0 |
_aRisk management _zUnited States. _2BUEsh _913149 |
|
| 651 | _2BUEsh | ||
| 653 |
_bBUSADM _cJuly2015 _cJanuary2016 |
||
| 942 | _2ddc | ||
| 999 |
_c20239 _d20211 |
||